|
|
|
|
| LEADER |
00000nab a2200000 ar4500 |
| 001 |
vtls008961541 |
| 003 |
SK-MaSNL |
| 005 |
20260426070654.0 |
| 008 |
070404c2006 xo qr|p|||||||000 b|slo |
| 015 |
|
|
|a SNBRB2007/04
|2 snkbucl
|
| 038 |
|
|
|a SNKBUCL
|
| 040 |
|
|
|a SNKBUCL
|b slo
|c SNKBUCL
|e AACR2
|
| 041 |
0 |
|
|a slo
|a eng
|
| 044 |
|
|
|a xo
|c SK
|
| 080 |
|
|
|a 72:316.422
|x (437.6)
|x "1948/1989"
|2 2001
|
| 080 |
|
|
|a 72.036
|x (437.6)
|x "1948/1989"
|2 2001
|
| 100 |
1 |
|
|a Szalay, Peter,
|d 1982-
|4 aut
|9 229804
|
| 245 |
1 |
0 |
|a Zahraničné styky slovenskej architektonickej obce obdobia socializmu v grafoch a štatistikácj
|c Peter Szalay
|
| 246 |
3 |
1 |
|a Graphics and Statistics of the Foreign Relations of the Slovak Architectural Community During Socialism
|
| 300 |
|
|
|b Fotogr., obr., grafy, tab.
|
| 500 |
|
|
|a Poznámky
|
| 546 |
|
|
|a Súbežný názov a text v angličtine
|
| 648 |
|
7 |
|a 1948-1989
|2 snkbucl
|9 302537
|
| 650 |
0 |
7 |
|a architektúra
|x modernita
|z Slovensko
|y 1948-1989
|x zahraničné styky
|2 snkbucl
|9 1323818
|
| 650 |
0 |
7 |
|a modernita
|x architektúra
|z Slovensko
|y 1948-1989
|2 snkbucl
|9 1323819
|
| 650 |
0 |
7 |
|a moderná architektúra
|z Slovensko
|2 snkbucl
|9 355169
|
| 650 |
0 |
7 |
|a moderná architektúra
|2 snkbucl
|9 68287
|
| 651 |
|
7 |
|a Slovensko
|2 snkbucl
|9 14231
|
| 773 |
0 |
|
|t Architektúra & urbanizmus
|g Roč. XL, č. 3-4 (2006), s. 171-187
|x 0044-8680
|
| 852 |
|
|
|a SNK
|b KIS3GCP
|
| 958 |
|
|
|a SK
|
| 999 |
|
|
|c 2670003
|d 2671933
|